[Event "4th Sigeman Wernbro"]
[Site "Malmo SWE"]
[Date "1996.06.11"]
[Round "1"]
[White "Agrest, Evgenij"]
[Black "Hellsten, Johan"]
[Result "0-1"]
[WhiteElo "2485"]
[BlackElo "2475"]
[EventDate "1996.06.??"]
[PlyCount "108"]

1.d4 d5 2.c4 c6 3.Nc3 Nf6 4.Nf3 a6 5.Ne5 e6 6.Bf4 c5 7.e3 Nc6 8.Be2 Be7 9.
dxc5 Bxc5 10.cxd5 exd5 11.O-O O-O 12.Rc1 Bd6 13.Nxc6 bxc6 14.Bxd6 Qxd6 15.
Na4 Re8 16.b3 Ne4 17.Bd3 Re6 18.Bxe4 Rxe4 19.Qc2 Rh4 20.f4 Rh6 21.Rfd1 Bg4
22.Rd4 Re8 23.Qf2 Bf5 24.Nc5 a5 25.Ra4 Qc7 26.Qd2 Rg6 27.Qxa5 Qe7 28.Qd2 
h5 29.Rc3 h4 30.Kf1 Rg4 31.Rd4 Qf6 32.Qf2 Qg6 33.b4 Bc8 34.Rd1 Qf6 35.Rd4 
Qg6 36.Rc1 Qd6 37.h3 Rg3 38.e4 Qg6 39.e5 Qh5 40.Re1 Bxh3 41.gxh3 Rf3 42.
Re3 Rxf2+ 43.Kxf2 Qf5 44.a3 Kh7 45.Nd3 Ra8 46.Ne1 Qb1 47.Rdd3 c5 48.bxc5 
Ra4 49.Kf3 Rc4 50.c6 Rxc6 51.Rxd5 Rc1 52.Nd3 Rc3 53.Nf2 Rc2 54.Rdd3 Qf1 
0-1

[Event "4th Sigeman Wernbro"]
[Site "Malmo SWE"]
[Date "1996.06.11"]
[Round "1"]
[White "Bator, Robert"]
[Black "Cramling, Pia"]
[Result "1/2-1/2"]
[WhiteElo "2435"]
[BlackElo "2525"]
[EventDate "1996.06.??"]
[PlyCount "54"]

1.d4 Nf6 2.c4 c5 3.d5 b5 4.cxb5 a6 5.bxa6 g6 6.Nc3 Bxa6 7.e4 Bxf1 8.Kxf1 
d6 9.g3 Bg7 10.Kg2 O-O 11.Nf3 Nbd7 12.Re1 Ra6 13.a4 Qb8 14.Bd2 Ne8 15.Qc2 
Nc7 16.a5 Ra7 17.Nd1 Na6 18.Ne3 Qxb2 19.Qxb2 Bxb2 20.Rab1 Rb8 21.Nc4 Rab7 
22.Rxb2 Rxb2 23.Nxb2 Rxb2 24.Bc3 Rc2 25.Bd2 Rb2 26.Bc3 Rc2 27.Bd2 Rb2 
1/2-1/2

[Event "4th Sigeman Wernbro"]
[Site "Malmo SWE"]
[Date "1996.06.11"]
[Round "1"]
[White "Bellon Lopez, Juan Manuel"]
[Black "Kortschnoj, Viktor"]
[Result "1/2-1/2"]
[WhiteElo "2505"]
[BlackElo "2645"]
[EventDate "1996.06.??"]
[PlyCount "130"]

1.d4 Nf6 2.Nf3 e6 3.c4 d5 4.Nc3 c5 5.e3 Nc6 6.a3 cxd4 7.exd4 Ne4 8.Bd3 
Nxc3 9.bxc3 dxc4 10.Bxc4 Be7 11.Bf4 Qa5 12.Qd3 O-O 13.O-O Bf6 14.Rfe1 Ne7 
15.Be5 Bd7 16.Bxf6 gxf6 17.Nd2 Bc6 18.Re3 Ng6 19.Rg3 Kh8 20.Qe3 Rg8 21.Be2
Ne7 22.Nc4 Qd5 23.f3 Nf5 24.Rxg8+ Kxg8 25.Qf4 Bb5 26.Ne3 Nxe3 27.Bxb5 Qxb5
28.Qxe3 Rc8 29.Rc1 Qb3 30.h4 Qxa3 31.Qf4 b6 32.h5 Kf8 33.Rc2 Qe7 34.h6 f5 
35.c4 Qf6 36.c5 bxc5 37.dxc5 e5 38.Qg3 Qxh6 39.Qxe5 Re8 40.Qd6+ Kg7 41.
Qxh6+ Kxh6 42.c6 Rc8 43.Kf2 f4 44.Ke2 Kg5 45.Kd3 Kf6 46.Kd4 Ke7 47.Kc5 Rg8
48.Rd2 Rg5+ 49.Kc4 Rg8 50.Kb5 Rb8+ 51.Kc5 Rb1 52.Rd7+ Ke6 53.Rxa7 Rc1+ 54.
Kb6 Rc2 55.Ra1 Rb2+ 56.Kc7 Rxg2 57.Re1+ Kf6 58.Rb1 Rf2 59.Kb7 Rxf3 60.c7 
Rc3 61.Rb6+ Ke5 62.Rc6 Rb3+ 63.Ka6 Ra3+ 64.Kb7 Rb3+ 65.Ka6 Ra3+ 1/2-1/2

[Event "4th Sigeman Wernbro"]
[Site "Malmo SWE"]
[Date "1996.06.11"]
[Round "1"]
[White "Hector, Jonny"]
[Black "Hansen, Curt"]
[Result "1/2-1/2"]
[WhiteElo "2520"]
[BlackElo "2615"]
[EventDate "1996.06.??"]
[PlyCount "103"]

1.e4 d6 2.d4 Nf6 3.Nc3 g6 4.f4 Bg7 5.Nf3 O-O 6.Bd3 Nc6 7.e5 dxe5 8.fxe5 
Nh5 9.Be3 Bg4 10.Be2 f6 11.exf6 exf6 12.Qd2 Ne7 13.Ng5 Qd7 14.Nge4 Bxe2 
15.Qxe2 Nd5 16.Nxd5 Qxd5 17.Nc3 Qc6 18.d5 Qd7 19.O-O-O Rae8 20.Qf3 f5 21.
Bxa7 b6 22.d6 Ra8 23.dxc7 Qxc7 24.Nb5 Qf7 25.Qa3 Nf6 26.Rd3 Ne4 27.Rhd1 
Nc5 28.Rd5 Rfe8 29.c3 h5 30.b4 Ne4 31.Rd7 Qc4 32.Qb3 Qxb3 33.axb3 Bxc3 34.
Nxc3 Rac8 35.Kb2 Nxc3 36.R1d2 Rc6 37.Rb7 Nb5 38.Bxb6 Nd6 39.Rd7 Ne4 40.Rd8
Kf8 41.Rxe8+ Kxe8 42.Rd8+ Ke7 43.Rb8 g5 44.b5 Rd6 45.Ba5 Rd5 46.b4 f4 47.
b6 Nd6 48.Kc3 Ke6 49.Rh8 g4 50.Rh6+ Kd7 51.Rh7+ Kc8 52.Rh8+ 1/2-1/2

[Event "4th Sigeman Wernbro"]
[Site "Malmo SWE"]
[Date "1996.06.11"]
[Round "1"]
[White "Miles, Anthony John"]
[Black "Ziegler, Ari"]
[Result "1-0"]
[WhiteElo "2635"]
[BlackElo "2440"]
[EventDate "1996.06.??"]
[PlyCount "139"]

1.d4 Nf6 2.Nf3 g6 3.c4 Bg7 4.Nc3 O-O 5.e4 d6 6.Be2 e5 7.O-O Nc6 8.d5 Ne7 
9.Ne1 Nd7 10.Kh1 f5 11.exf5 Nxf5 12.Nc2 a5 13.Ne4 Nf6 14.Bd3 Nxe4 15.Bxe4 
Qh4 16.Qd3 Ng3+ 17.Qxg3 Qxe4 18.Qc3 Qe2 19.Be3 Bf5 20.Rac1 Qd3 21.Na3 Qxc3
22.Rxc3 b6 23.Nb5 Rf7 24.Kg1 h5 25.Rd1 Kh7 26.Kf1 Bh6 27.Ke2 Bxe3 28.Kxe3 
g5 29.Rcc1 Raf8 30.f3 h4 31.h3 Re7 32.Nc3 Bg6 33.Rd2 Kh6 34.b3 Rfe8 35.Rf2
Rf8 36.Re1 Rf4 37.Ne2 Rf8 38.Kd2 Ref7 39.Nc3 Rf4 40.Rfe2 R8f7 41.Kc1 Rf8 
42.Re3 Be8 43.Ne2 R4f7 44.Kb2 Bd7 45.Nc3 Rf4 46.Ne4 Bf5 47.Ka3 Bxe4 48.
Rxe4 R8f7 49.Ka4 R4f6 50.Kb5 Kg7 51.Kc6 Kg6 52.a3 Re7 53.b4 axb4 54.axb4 
Kf5 55.Ra1 Rff7 56.Ra8 Rg7 57.Rf8+ Ref7 58.Rxf7+ Rxf7 59.Kb7 Rh7 60.Kc8 
Rf7 61.c5 bxc5 62.bxc5 dxc5 63.Rc4 e4 64.Rxe4 c4 65.Rxc4 Ke5 66.Rxc7 Rf8+ 
67.Kd7 Kxd5 68.Ke7 Ra8 69.Kf6 Rf8+ 70.Rf7 1-0

[Event "4th Sigeman Wernbro"]
[Site "Malmo SWE"]
[Date "1996.06.12"]
[Round "2"]
[White "Cramling, Pia"]
[Black "Agrest, Evgenij"]
[Result "1-0"]
[WhiteElo "2525"]
[BlackElo "2485"]
[EventDate "1996.06.??"]
[PlyCount "119"]

1.d4 Nf6 2.c4 e6 3.Nf3 b6 4.a3 Bb7 5.Nc3 g6 6.Qc2 Bxf3 7.gxf3 Nc6 8.e3 Bg7
9.f4 O-O 10.Bg2 Rb8 11.b3 Na5 12.Bd2 c5 13.Ne2 Nh5 14.Bc3 Qc7 15.O-O Nc6 
16.d5 Ne7 17.Bxg7 Nxg7 18.Nc3 d6 19.Rad1 Rbd8 20.Rd2 Nef5 21.Rfd1 Qe7 22.
Ne4 e5 23.fxe5 Qxe5 24.Qb2 f6 25.Qxe5 fxe5 26.b4 Rb8 27.Rb2 cxb4 28.axb4 
Rfc8 29.Rc1 Rc7 30.Rbc2 Ne8 31.Bh3 h6 32.Ra1 Kf7 33.Ra6 Rbc8 34.Bf1 Rb7 
35.Rca2 Ra8 36.c5 bxc5 37.bxc5 dxc5 38.d6 Rd8 39.Nxc5 Rb1 40.Rxa7+ Kf6 41.
d7 Ned6 42.Ra8 Rbb8 43.R8a6 Ke7 44.Bd3 Nh4 45.Kf1 Nf3 46.Rc6 Ra8 47.Rxa8 
Rxa8 48.Ba6 Rd8 49.Bc8 Nxh2+ 50.Kg2 Ng4 51.Nd3 h5 52.Rc7 Rf8 53.Rc2 Nf7 
54.Rc6 Nd6 55.Rc2 Nf7 56.Rc6 Nd6 57.Kg1 Rg8 58.Nb4 Nf7 59.Re6+ Kd8 60.Re8+
1-0

[Event "4th Sigeman Wernbro"]
[Site "Malmo SWE"]
[Date "1996.06.12"]
[Round "2"]
[White "Hellsten, Johan"]
[Black "Hector, Jonny"]
[Result "0-1"]
[WhiteElo "2475"]
[BlackElo "2520"]
[EventDate "1996.06.??"]
[PlyCount "104"]

1.d4 d5 2.c4 c6 3.Nf3 Nf6 4.Nc3 e6 5.e3 Nbd7 6.Qc2 Bd6 7.g4 Nxg4 8.Rg1 
Nxh2 9.Nxh2 Bxh2 10.Rxg7 Qf6 11.Rg2 Bd6 12.e4 Bf4 13.e5 Qh6 14.Bxf4 Qxf4 
15.Qd2 Qxd2+ 16.Kxd2 b6 17.Be2 Bb7 18.cxd5 c5 19.Ke3 cxd4+ 20.Kxd4 exd5 
21.Bb5 Rd8 22.Rh1 Ke7 23.Bxd7 Rxd7 24.b3 Rdd8 25.Rh6 Kf8 26.Rg3 Rg8 27.
Rxh7 Rxg3 28.fxg3 Ke7 29.Rg7 Bc8 30.Rh7 Be6 31.Ne2 Rg8 32.Rh4 Kd7 33.Nf4 
Rxg3 34.Nxd5 Rg2 35.Nc3 Bf5 36.Ke3 Ke6 37.Ne2 Kxe5 38.Ra4 a5 39.Rc4 Bg4 
40.Nc3 f5 41.Kd3 Rg3+ 42.Kd2 f4 43.Re4+ Kf5 44.Re8 Rg2+ 45.Ke1 f3 46.Kf1 
Rc2 47.Rf8+ Ke5 48.Re8+ Kd4 49.Nb5+ Kd3 50.Rf8 Ke3 51.Kg1 Rc1+ 52.Kh2 f2 
0-1

[Event "4th Sigeman Wernbro"]
[Site "Malmo SWE"]
[Date "1996.06.12"]
[Round "2"]
[White "Kortschnoj, Viktor"]
[Black "Bator, Robert"]
[Result "1-0"]
[WhiteElo "2645"]
[BlackElo "2435"]
[EventDate "1996.06.??"]
[PlyCount "37"]

1.c4 e6 2.Nc3 d5 3.d4 Bb4 4.a3 Bxc3+ 5.bxc3 c5 6.e3 Ne7 7.Nf3 Qc7 8.cxd5 
exd5 9.a4 Bf5 10.Bb5+ Nd7 11.dxc5 Qxc5 12.O-O a6 13.Ba3 Qxc3 14.Nd4 axb5 
15.Nxb5 Bc2 16.Nxc3 Bxd1 17.Rfxd1 f6 18.Rdb1 Rc8 19.Nb5 1-0

[Event "4th Sigeman Wernbro"]
[Site "Malmo SWE"]
[Date "1996.06.12"]
[Round "2"]
[White "Ziegler, Ari"]
[Black "Hansen, Curt"]
[Result "1/2-1/2"]
[WhiteElo "2440"]
[BlackElo "2615"]
[EventDate "1996.06.??"]
[PlyCount "120"]

1.d4 d6 2.Nf3 g6 3.c4 f5 4.Nc3 Nf6 5.g3 Bg7 6.Bg2 O-O 7.O-O c6 8.d5 Bd7 9.
e4 Nxe4 10.Nxe4 fxe4 11.Ng5 Na6 12.Nxe4 Rb8 13.Qe2 Kh8 14.Bg5 h6 15.Bd2 
Nc7 16.Bc3 cxd5 17.cxd5 Nxd5 18.Bxg7+ Kxg7 19.Nxd6 exd6 20.Bxd5 Bc6 21.
Rad1 Qf6 22.b3 Rbe8 23.Qc2 Bxd5 24.Rxd5 Re6 25.Qd2 Rfe8 26.Qd3 Rc8 27.Rd4 
Rc6 28.Rd1 a6 29.a4 Qf5 30.Qxf5 gxf5 31.R1d3 Kf7 32.Kg2 Ke7 33.Kf3 Rc2 34.
Re3 Rxe3+ 35.Kxe3 Rb2 36.Rb4 b5 37.axb5 axb5 38.Rxb5 Ke6 39.h4 Rc2 40.f3 
Rb2 41.Kf4 Rd2 42.Rb8 Rd4+ 43.Ke3 Rd1 44.Rh8 Ke5 45.Re8+ Kf6 46.Rb8 Ke5 
47.Rb5+ d5 48.f4+ Kd6 49.Rb6+ Kc5 50.Rxh6 Rb1 51.Rg6 Rxb3+ 52.Kd2 Kd4 53.
g4 fxg4 54.Rxg4 Rb2+ 55.Kc1 Rh2 56.Rg1 Rxh4 57.Rf1 Ke3 58.Re1+ Kd3 59.Rd1+
Kc4 60.Rf1 Rh6 1/2-1/2

[Event "4th Sigeman Wernbro"]
[Site "Malmo SWE"]
[Date "1996.06.13"]
[Round "3"]
[White "Bator, Robert"]
[Black "Miles, Anthony John"]
[Result "1/2-1/2"]
[WhiteElo "2435"]
[BlackElo "2635"]
[EventDate "1996.06.??"]
[PlyCount "62"]

1.d4 d5 2.Nf3 Nf6 3.c4 dxc4 4.e3 e6 5.Bxc4 a6 6.O-O c5 7.b3 Nbd7 8.Bb2 b5 
9.Be2 Bb7 10.a4 b4 11.Nbd2 Be7 12.Ne5 cxd4 13.Bxd4 Nxe5 14.Bxe5 Nd5 15.Bf3
Bf6 16.Bxf6 Qxf6 17.Bxd5 Bxd5 18.Qg4 Qg6 19.Qxg6 hxg6 20.e4 Bb7 21.Nc4 Rd8
22.f3 Ke7 23.Rfc1 Rd3 24.Na5 Ba8 25.Rc7+ Rd7 26.Rxd7+ Kxd7 27.Rd1+ Ke7 28.
Rd4 Rh5 29.Nc4 Bc6 30.Nb6 a5 31.Nc8+ Ke8 1/2-1/2

[Event "4th Sigeman Wernbro"]
[Site "Malmo SWE"]
[Date "1996.06.13"]
[Round "3"]
[White "Bellon Lopez, Juan Manuel"]
[Black "Ziegler, Ari"]
[Result "0-1"]
[WhiteElo "2505"]
[BlackElo "2440"]
[EventDate "1996.06.??"]
[PlyCount "72"]

1.d4 Nf6 2.Nf3 g6 3.Bf4 Bg7 4.e3 c5 5.Nbd2 cxd4 6.exd4 Nc6 7.h3 O-O 8.c3 
d6 9.Be2 Nh5 10.Bg5 h6 11.g4 Nf6 12.Bh4 e5 13.d5 Ne7 14.Bxf6 Bxf6 15.Qb3 
Bg7 16.O-O-O f5 17.gxf5 Rxf5 18.Bd3 Rf4 19.Rdg1 g5 20.h4 g4 21.Nh2 Qf8 22.
h5 Kh8 23.Kb1 a5 24.Ne4 a4 25.Qb5 a3 26.Nxd6 e4 27.Nxe4 axb2 28.Nf1 Qd8 
29.Ne3 Ra5 30.Qc4 Nxd5 31.Nxd5 Rxd5 32.Bc2 Be6 33.Qe2 Ra5 34.c4 Rxa2 35.
Bb3 Ra1+ 36.Kc2 Bf5 0-1

[Event "4th Sigeman Wernbro"]
[Site "Malmo SWE"]
[Date "1996.06.13"]
[Round "3"]
[White "Hansen, Curt"]
[Black "Hellsten, Johan"]
[Result "1-0"]
[WhiteElo "2615"]
[BlackElo "2475"]
[EventDate "1996.06.??"]
[PlyCount "97"]

1.c4 c6 2.d4 d5 3.Nc3 Nf6 4.Nf3 a6 5.c5 Nbd7 6.Bf4 Nh5 7.Bd2 g6 8.e4 dxe4 
9.Nxe4 Ndf6 10.Nxf6+ exf6 11.Bc4 Qe7+ 12.Be3 Ng7 13.O-O Be6 14.Bxe6 Nxe6 
15.d5 cxd5 16.Qxd5 Qd7 17.Rad1 Qxd5 18.Rxd5 Be7 19.b4 Rc8 20.Rfd1 Rc7 21.
Nd2 f5 22.Nc4 O-O 23.g3 Kg7 24.Kg2 Rd8 25.Rxd8 Bxd8 26.a4 Be7 27.Kf1 Kf8 
28.Ke2 Ke8 29.Rd5 Rd7 30.Rxd7 Kxd7 31.Kd3 Kc7 32.Nb6 Bg5 33.f4 Bd8 34.Kc4 
h5 35.h4 Be7 36.b5 Bf8 37.Bd4 axb5+ 38.axb5 Nxd4 39.Kxd4 Bg7+ 40.Kd3 Bf8 
41.Kc4 Bg7 42.Nd5+ Kd7 43.Nb4 Ba1 44.b6 Bf6 45.Kb5 Be7 46.c6+ bxc6+ 47.
Nxc6 Bd6 48.b7 Ke6 49.Kc4 1-0

[Event "4th Sigeman Wernbro"]
[Site "Malmo SWE"]
[Date "1996.06.13"]
[Round "3"]
[White "Hector, Jonny"]
[Black "Cramling, Pia"]
[Result "0-1"]
[WhiteElo "2520"]
[BlackElo "2525"]
[EventDate "1996.06.??"]
[PlyCount "70"]

1.e4 c5 2.Nf3 e6 3.d4 cxd4 4.Nxd4 Nc6 5.Nc3 Qc7 6.Be3 a6 7.Bd3 b5 8.O-O 
Bb7 9.Nb3 d6 10.f4 Nf6 11.Qf3 Be7 12.Rae1 O-O 13.Qg3 Rac8 14.a3 b4 15.Na4 
Nd7 16.Qh3 Rfe8 17.e5 g6 18.exd6 Bxd6 19.Nac5 bxa3 20.bxa3 Nxc5 21.Nxc5 
Na5 22.Nxb7 Nxb7 23.Bxa6 Qc6 24.Bd3 Nc5 25.Be2 Qa4 26.Rd1 Bf8 27.Bd4 Qxc2 
28.Rde1 Red8 29.Bf6 Ne4 30.Bxd8 Bc5+ 31.Kh1 Nf2+ 32.Rxf2 Bxf2 33.Bf6 Qxe2 
34.Ra1 Qd2 35.g3 Rc2 0-1

[Event "4th Sigeman Wernbro"]
[Site "Malmo SWE"]
[Date "1996.06.14"]
[Round "4"]
[White "Bellon Lopez, Juan Manuel"]
[Black "Bator, Robert"]
[Result "1-0"]
[WhiteElo "2505"]
[BlackElo "2435"]
[EventDate "1996.06.??"]
[PlyCount "121"]

1.d4 Nf6 2.c4 e6 3.Nf3 b6 4.e3 Bb7 5.Bd3 c5 6.O-O Be7 7.b3 Nc6 8.a3 cxd4 
9.exd4 d5 10.Bb2 Rc8 11.Nbd2 O-O 12.Rc1 Nh5 13.g3 g6 14.Re1 Bf6 15.cxd5 
exd5 16.Ne5 Bg7 17.Bb5 Nb8 18.a4 a6 19.Bf1 Rxc1 20.Qxc1 Nf6 21.Bg2 Re8 22.
Ba3 Nc6 23.Ndf3 Nxe5 24.Rxe5 Nd7 25.Rxe8+ Qxe8 26.Qe3 Qxe3 27.fxe3 f6 28.
Kf2 Kf7 29.Bh3 Bf8 30.Bxf8 Nxf8 31.b4 Bc6 32.a5 bxa5 33.bxa5 Ke7 34.Ne1 
Bd7 35.Bf1 Bc8 36.Nd3 Ne6 37.Bh3 f5 38.Bf1 Kd6 39.h4 Nc7 40.Nc5 Ke7 41.Ke1
Kf6 42.Kd2 h6 43.Kc3 g5 44.Kb4 Ke7 45.Nd3 Kd6 46.Ne5 Be6 47.Bd3 g4 48.Ng6 
Bc8 49.Ne5 Be6 50.Be2 Bc8 51.Nf7+ Kc6 52.Nxh6 Ne8 53.Ng8 Be6 54.Bxa6 Nc7 
55.Bb5+ Kd6 56.Nf6 Bf7 57.a6 Ke7 58.Nd7 Be8 59.a7 Bxd7 60.Bxd7 Kxd7 61.Kc5
1-0

[Event "4th Sigeman Wernbro"]
[Site "Malmo SWE"]
[Date "1996.06.14"]
[Round "4"]
[White "Cramling, Pia"]
[Black "Hansen, Curt"]
[Result "0-1"]
[WhiteElo "2525"]
[BlackElo "2615"]
[EventDate "1996.06.??"]
[PlyCount "80"]

1.d4 Nf6 2.c4 e6 3.Nf3 Bb4+ 4.Nbd2 d5 5.a3 Be7 6.e3 O-O 7.Bd3 c5 8.dxc5 a5
9.b3 Nbd7 10.Bb2 Nxc5 11.Bc2 b6 12.O-O Ba6 13.Ne5 Rc8 14.Qf3 Ncd7 15.Qh3 
Nxe5 16.Bxe5 h6 17.Rfd1 b5 18.e4 bxc4 19.exd5 cxb3 20.Bxb3 Nxd5 21.Ne4 Bc4
22.Qg3 g6 23.Bc2 Bh4 24.Qh3 f5 25.Nd6 Rc6 26.Nb7 Qe7 27.Nxa5 Rc5 28.Nxc4 
Rxc4 29.Bb3 Bxf2+ 30.Kh1 Re4 31.Bb2 Kh7 32.Qf3 Bh4 33.Qd3 Rb8 34.Bxd5 exd5
35.Bc3 d4 36.Bxd4 Rd8 37.Qc3 Rexd4 38.Rxd4 Bf6 39.Rad1 Bxd4 40.Rxd4 Qg7 
0-1

[Event "4th Sigeman Wernbro"]
[Site "Malmo SWE"]
[Date "1996.06.14"]
[Round "4"]
[White "Kortschnoj, Viktor"]
[Black "Hector, Jonny"]
[Result "1-0"]
[WhiteElo "2645"]
[BlackElo "2520"]
[EventDate "1996.06.??"]
[PlyCount "81"]

1.c4 e6 2.Nc3 d5 3.d4 Nf6 4.Bg5 c6 5.e3 Nbd7 6.a3 Be7 7.Qc2 e5 8.dxe5 Nxe5
9.Bxf6 Bxf6 10.cxd5 cxd5 11.Bb5+ Nc6 12.Rd1 a6 13.Ba4 Bg4 14.Nge2 Bxe2 15.
Nxe2 O-O 16.O-O Na5 17.Nf4 Rc8 18.Qe2 d4 19.Nh5 b5 20.Bc2 Re8 21.Bf5 Rc5 
22.Bxh7+ Kxh7 23.b4 Rc3 24.bxa5 Rxa3 25.Nxf6+ Qxf6 26.Rxd4 Rxa5 27.Qd2 Ra3
28.Qc1 Qe7 29.Rfd1 Kg8 30.Rd7 Qb4 31.Qc6 Qc3 32.Qd5 Rf8 33.g4 g6 34.Kg2 b4
35.Rd4 b3 36.Rf4 Ra5 37.Qe4 Re5 38.Qf3 f5 39.Qb7 Re6 40.Rc4 Qxc4 41.Rg7+ 
1-0

[Event "4th Sigeman Wernbro"]
[Site "Malmo SWE"]
[Date "1996.06.14"]
[Round "4"]
[White "Ziegler, Ari"]
[Black "Hellsten, Johan"]
[Result "1/2-1/2"]
[WhiteElo "2440"]
[BlackElo "2475"]
[EventDate "1996.06.??"]
[PlyCount "93"]

1.d4 d5 2.c4 c6 3.Nc3 Nf6 4.e3 g6 5.Nf3 Bg7 6.Be2 O-O 7.O-O Ne4 8.Qc2 Nxc3
9.bxc3 dxc4 10.Bxc4 c5 11.Rd1 Qc7 12.Ba3 Nd7 13.Qb3 Nb6 14.Be2 Be6 15.c4 
cxd4 16.exd4 Bxc4 17.Bxc4 Nxc4 18.Bxe7 Qxe7 19.Qxc4 Rfc8 20.Qb3 Rc7 21.
Rac1 Rd8 22.Rxc7 Qxc7 23.h3 Bf6 24.Qb2 Rd6 25.Qd2 Kg7 26.g4 Qc6 27.d5 Qc4 
28.a3 b5 29.Kg2 Bc3 30.Qe3 a5 31.Qd3 Bb2 32.Qb1 Bf6 33.Qd3 a4 34.Qxc4 bxc4
35.Rc1 Rxd5 36.Rxc4 Ra5 37.Nd4 Be7 38.Ne2 Bxa3 39.Nc3 Rc5 40.Rxc5 Bxc5 41.
Nxa4 Bd4 42.f4 f5 43.Kf3 Kf6 44.Ke2 g5 45.fxg5+ Kxg5 46.gxf5 Kxf5 47.Kf3 
1/2-1/2

[Event "4th Sigeman Wernbro"]
[Site "Malmo SWE"]
[Date "1996.06.15"]
[Round "5"]
[White "Agrest, Evgenij"]
[Black "Bellon Lopez, Juan Manuel"]
[Result "1-0"]
[WhiteElo "2485"]
[BlackElo "2505"]
[EventDate "1996.06.??"]
[PlyCount "117"]

1.Nf3 Nf6 2.c4 c5 3.Nc3 e6 4.d4 a6 5.g3 b5 6.cxb5 axb5 7.Nxb5 Qa5+ 8.Nc3 
Bb7 9.Bg2 cxd4 10.Qxd4 Nc6 11.Qd1 Ne4 12.Bd2 Nxd2 13.Qxd2 d5 14.O-O Bb4 
15.Rfc1 O-O 16.Qd1 Be7 17.a3 Bf6 18.Rab1 Rfd8 19.Na2 Qb6 20.a4 Ba6 21.b3 
Rac8 22.Bf1 Nb4 23.Nxb4 Qxb4 24.e3 Bxf1 25.Qxf1 Rb8 26.Ne1 Qa3 27.Qd3 Bb2 
28.Rc7 Rxb3 29.Qc2 h6 30.a5 d4 31.exd4 Rbb8 32.a6 Bxd4 33.Rd7 Bc5 34.Kg2 
g6 35.Qd3 Qxd3 36.Nxd3 Rxd7 37.Rxb8+ Bf8 38.Nb4 Ra7 39.Rb7 Ra8 40.a7 Kg7 
41.Na6 Bd6 42.Rd7 Be5 43.f4 Bc3 44.Nc7 Rxa7 45.Nxe6+ Kf6 46.Rxa7 Kxe6 47.
Ra6+ Ke7 48.g4 Bd2 49.Kf3 Bc1 50.Ke4 Bd2 51.Rc6 Kd7 52.Rb6 Ke7 53.Ra6 Be1 
54.f5 gxf5+ 55.gxf5 Bd2 56.f6+ Kd7 57.Kf5 Bb4 58.Ra7+ Ke8 59.Ra8+ 1-0

[Event "4th Sigeman Wernbro"]
[Site "Malmo SWE"]
[Date "1996.06.15"]
[Round "5"]
[White "Bator, Robert"]
[Black "Ziegler, Ari"]
[Result "1-0"]
[WhiteElo "2435"]
[BlackElo "2440"]
[EventDate "1996.06.??"]
[PlyCount "67"]

1.d4 Nf6 2.Nf3 g6 3.c4 Bg7 4.g3 O-O 5.Bg2 d6 6.Nc3 Nbd7 7.h3 e5 8.e4 exd4 
9.Nxd4 Re8 10.O-O c6 11.Bf4 Nc5 12.Re1 Bf8 13.Nb3 Ne6 14.Be3 h6 15.Qd2 Kh7
16.Rad1 Qc7 17.f4 b6 18.f5 gxf5 19.exf5 Nc5 20.Nxc5 bxc5 21.g4 Ba6 22.b3 
d5 23.Bf4 Bd6 24.Bxh6 Be5 25.Bg5 dxc4 26.Ne4 Nxe4 27.Rxe4 cxb3 28.axb3 
Bd4+ 29.Rxd4 cxd4 30.Qf2 f6 31.Bxf6 Kg8 32.Qh4 Qh7 33.Qg5+ Kf8 34.Bxd4 1-0

[Event "4th Sigeman Wernbro"]
[Site "Malmo SWE"]
[Date "1996.06.15"]
[Round "5"]
[White "Hellsten, Johan"]
[Black "Cramling, Pia"]
[Result "1-0"]
[WhiteElo "2475"]
[BlackElo "2525"]
[EventDate "1996.06.??"]
[PlyCount "81"]

1.d4 Nf6 2.c4 g6 3.Nc3 Bg7 4.e4 d6 5.Nf3 O-O 6.Be2 e5 7.d5 a5 8.Bg5 h6 9.
Bh4 Na6 10.Nd2 h5 11.Bg5 Qe8 12.O-O Bd7 13.b3 Nh7 14.Be3 f5 15.exf5 gxf5 
16.Bxh5 Qe7 17.Bg6 Be8 18.Bxh7+ Kxh7 19.f3 Bg6 20.Rc1 Nb4 21.Qe2 f4 22.Bf2
Bd3 23.Qd1 Bxf1 24.Qxf1 Bf6 25.Kh1 Bh4 26.Bg1 Rf7 27.Nde4 Rg8 28.a3 Na6 
29.Rc2 Rg6 30.Rb2 Qd8 31.b4 axb4 32.axb4 Be7 33.c5 Nb8 34.Qc4 Kh8 35.b5 
Nd7 36.c6 Nb8 37.cxb7 Rg8 38.Ra2 Bh4 39.Ra8 Rfg7 40.Qf1 Qd7 41.Ba7 1-0

[Event "4th Sigeman Wernbro"]
[Site "Malmo SWE"]
[Date "1996.06.16"]
[Round "6"]
[White "Bator, Robert"]
[Black "Agrest, Evgenij"]
[Result "1/2-1/2"]
[WhiteElo "2435"]
[BlackElo "2485"]
[EventDate "1996.06.??"]
[PlyCount "85"]

1.d4 Nf6 2.c4 e6 3.g3 c5 4.d5 exd5 5.cxd5 d6 6.Bg2 g6 7.Nf3 Bg7 8.Nc3 O-O 
9.O-O Na6 10.Re1 Nc7 11.a4 Rb8 12.h3 a6 13.a5 Bd7 14.Bf4 Nb5 15.Nxb5 Bxb5 
16.e4 Nh5 17.Bg5 Bf6 18.h4 Re8 19.Qd2 b6 20.g4 Bxg5 21.hxg5 Ng7 22.Qf4 
bxa5 23.e5 Rb6 24.exd6 Qxd6 25.Ne5 Rf8 26.Qe3 Rbb8 27.Rac1 Rbc8 28.Qg3 Rc7
29.Rc3 Re7 30.Rce3 Ne8 31.Nc6 Rxe3 32.Qxe3 Bxc6 33.dxc6 Nc7 34.Qc3 Ne6 35.
Qxa5 Nxg5 36.Qxa6 Ne6 37.Qe2 Rc8 38.Qe5 Qd2 39.Re2 Qf4 40.Re4 Qc1+ 41.Re1 
Qd2 42.Re2 Qc1+ 43.Re1 1/2-1/2

[Event "4th Sigeman Wernbro"]
[Site "Malmo SWE"]
[Date "1996.06.16"]
[Round "6"]
[White "Bellon Lopez, Juan Manuel"]
[Black "Hector, Jonny"]
[Result "1-0"]
[WhiteElo "2505"]
[BlackElo "2520"]
[EventDate "1996.06.??"]
[PlyCount "73"]

1.d4 d5 2.c4 c6 3.Nf3 Nf6 4.Nc3 e6 5.Bg5 dxc4 6.e4 b5 7.e5 h6 8.Bh4 g5 9.
exf6 gxh4 10.Ne5 Qxf6 11.a4 c5 12.Be2 cxd4 13.Qxd4 Nd7 14.Qe4 Rb8 15.Nc6 
Nc5 16.Qe3 Rb6 17.axb5 Qg5 18.f4 Qxg2 19.O-O-O Rxc6 20.Bf3 Nb3+ 21.Kb1 
Qg6+ 22.Be4 Bc5 23.Qe2 Nd4 24.Rxd4 Bxd4 25.Bxg6 Rc5 26.Qd2 Bg7 27.Qe3 Rc7 
28.Nd5 Rb7 29.Qc5 Kd8 30.Nb4 fxg6 31.Rd1+ Bd7 32.Nc6+ Kc8 33.Nxa7+ Kb8 34.
Qd6+ Ka8 35.Nc6 Bxc6 36.Qxc6 Kb8 37.Rd7 1-0

[Event "4th Sigeman Wernbro"]
[Site "Malmo SWE"]
[Date "1996.06.16"]
[Round "6"]
[White "Kortschnoj, Viktor"]
[Black "Hellsten, Johan"]
[Result "1-0"]
[WhiteElo "2645"]
[BlackElo "2475"]
[EventDate "1996.06.??"]
[PlyCount "111"]

1.c4 c6 2.e4 d5 3.cxd5 cxd5 4.exd5 Nf6 5.Nc3 Nxd5 6.Nf3 e6 7.Bc4 Be7 8.O-O
O-O 9.d4 Nc6 10.Re1 Nxc3 11.bxc3 Bd7 12.Bd3 Rc8 13.Qe2 Bf6 14.h4 e5 15.d5 
e4 16.Bxe4 Re8 17.Bg5 Na5 18.Qd3 h6 19.Bxf6 Qxf6 20.Rac1 Nc4 21.g3 Nb2 22.
Qd4 Qxd4 23.Nxd4 g6 24.Re2 Na4 25.c4 b5 26.Bf3 Rxc4 27.Rxe8+ Bxe8 28.Rxc4 
bxc4 29.Kf1 Kf8 30.Nc6 Bxc6 31.dxc6 Ke7 32.Bd5 Nb6 33.c7 f6 34.Bxc4 Kd7 
35.Bd3 g5 36.Ke2 Kxc7 37.Kf3 Nd7 38.Bc2 Ne5+ 39.Ke4 gxh4 40.gxh4 Ng6 41.
Kf5 Nxh4+ 42.Kxf6 Nf3 43.Bd1 Nd2 44.Ke6 Kd8 45.Bh5 Ne4 46.f4 Ng3 47.Bg6 
Ne2 48.f5 Nf4+ 49.Kf7 h5 50.f6 h4 51.Bf5 h3 52.Kg8 h2 53.f7 h1=Q 54.f8=Q+ 
Kc7 55.Qe7+ Kb8 56.Qb4+ 1-0

[Event "4th Sigeman Wernbro"]
[Site "Malmo SWE"]
[Date "1996.06.16"]
[Round "6"]
[White "Ziegler, Ari"]
[Black "Cramling, Pia"]
[Result "1/2-1/2"]
[WhiteElo "2440"]
[BlackElo "2525"]
[EventDate "1996.06.??"]
[PlyCount "87"]

1.d4 Nf6 2.c4 c5 3.d5 b5 4.cxb5 a6 5.e3 g6 6.Nc3 Bg7 7.a4 O-O 8.Bc4 axb5 
9.Bxb5 Na6 10.Nge2 Nc7 11.O-O Nfxd5 12.Nxd5 Nxb5 13.Qc2 e6 14.Bd2 Na7 15.
Ndf4 d6 16.Bc3 Ba6 17.Rfd1 Nc6 18.Bxg7 Kxg7 19.Ng3 Qe7 20.Qc3+ f6 21.h4 
Rad8 22.Rd2 Nb4 23.e4 Bb7 24.Qb3 Rfe8 25.a5 Ra8 26.Rad1 Ra6 27.h5 Bc8 28.
hxg6 hxg6 29.Qf3 e5 30.Nd5 Nxd5 31.Rxd5 Rd8 32.Qc3 Be6 33.R5d2 Qb7 34.Qe3 
Bb3 35.Ra1 Qb4 36.f4 exf4 37.Qxf4 c4 38.Rf2 Rf8 39.Qg4 Rxa5 40.Nf5+ Kf7 
41.Nh6+ Kg7 42.Nf5+ Kf7 43.Nh6+ Kg7 44.Nf5+ 1/2-1/2

[Event "4th Sigeman Wernbro"]
[Site "Malmo SWE"]
[Date "1996.06.17"]
[Round "7"]
[White "Agrest, Evgenij"]
[Black "Ziegler, Ari"]
[Result "1/2-1/2"]
[WhiteElo "2485"]
[BlackElo "2440"]
[EventDate "1996.06.??"]
[PlyCount "79"]

1.d4 Nf6 2.c4 g6 3.Nc3 Bg7 4.e4 d6 5.h3 O-O 6.Bg5 a6 7.Nf3 c5 8.Be2 cxd4 
9.Nxd4 Nc6 10.Be3 Bd7 11.O-O Nxd4 12.Bxd4 Bc6 13.Bd3 e6 14.Re1 Qa5 15.Rb1 
Nh5 16.Bxg7 Kxg7 17.Bf1 Qe5 18.Qd2 b5 19.cxb5 axb5 20.a3 Rab8 21.Rbd1 b4 
22.axb4 Rxb4 23.Qxd6 Qxd6 24.Rxd6 Ba8 25.Rd2 Rfb8 26.Ra1 Bxe4 27.Ra4 Nf6 
28.Rxb4 Rxb4 29.Na2 Ra4 30.Nc3 Rb4 31.Na2 Ra4 32.b3 Ra3 33.Bc4 Bd5 34.f3 
Bxc4 35.bxc4 Nd7 36.Rxd7 Rxa2 37.Kh2 Rc2 38.Rc7 h5 39.h4 e5 40.Rc6 1/2-1/2

[Event "4th Sigeman Wernbro"]
[Site "Malmo SWE"]
[Date "1996.06.17"]
[Round "7"]
[White "Cramling, Pia"]
[Black "Kortschnoj, Viktor"]
[Result "0-1"]
[WhiteElo "2525"]
[BlackElo "2645"]
[EventDate "1996.06.??"]
[PlyCount "98"]

1.d4 Nf6 2.c4 e6 3.Nf3 Bb4+ 4.Nbd2 b6 5.e3 O-O 6.Bd3 d5 7.O-O Ba6 8.Qc2 c5
9.dxc5 Bxc5 10.a3 Nbd7 11.b4 Bd6 12.Bb2 Rc8 13.Qb3 Bb7 14.Rac1 Ne4 15.cxd5
Nxd2 16.Nxd2 Bxd5 17.Bc4 Qg5 18.Bxd5 Qxd5 19.Qxd5 exd5 20.Nf3 a5 21.bxa5 
bxa5 22.a4 f6 23.Nd4 Nb6 24.Bc3 Ba3 25.Rc2 Bc5 26.Bxa5 Bxd4 27.Rxc8 Rxc8 
28.exd4 Nxa4 29.Rd1 Nb2 30.Rb1 Rc2 31.Kf1 h5 32.Bc3 Nc4 33.Bb4 Kf7 34.Ke1 
Nb2 35.Kf1 Ke6 36.Re1+ Kf5 37.Re3 Rc4 38.Bf8 Rc1+ 39.Re1 Rc8 40.Bd6 Rc4 
41.Re7 g5 42.Bc5 Nd3 43.Rd7 Nf4 44.f3 Rc1+ 45.Kf2 Rc2+ 46.Kf1 Nxg2 47.
Rxd5+ Kf4 48.Bd6+ Kxf3 49.Rf5+ Ke4 0-1